Tính toán và cấu tạo các bộ phận nhà dân dụng

Uloženo v:
Podrobná bibliografie
Hlavní autor: L. E. Linovits
Médium: Kniha
Jazyk:Undetermined
Vydáno: H. KHKT 2002
Témata:
Tagy: Přidat tag
Žádné tagy, Buďte první, kdo otaguje tento záznam!
Thư viện lưu trữ: Trung tâm Học liệu Trường Đại học Cần Thơ
LEADER 00658nam a2200217Ia 4500
001 CTU_62623
008 210402s9999 xx 000 0 und d
020 |b 62000 
020 |c 94000 
082 |a 690.1 
082 |b L758 
100 |a L. E. Linovits 
245 0 |a Tính toán và cấu tạo các bộ phận nhà dân dụng 
245 0 |c L. E. Linovits; Lê Đức Thắng và Vũ Công Ngữ 
260 |a H. 
260 |b KHKT 
260 |c 2002 
650 |a buildings,structural analysis ( engineering ) 
650 |x design and constructions 
904 |i Minh 
980 |a Trung tâm Học liệu Trường Đại học Cần Thơ